BD Astérix - Statistiques

Statistiques générales
  • Ce quiz a été pris 51 fois
    21 depuis la dernière actualisation
  • Le résultat moyen est 4 sur 41
Statistiques - réponses
Numéro de BD Titre % Correct
1 Astérix le gaulois (1961)
100%
2 La serpe d'or (1962)
78%
3 Astérix et les Goths (1963)
44%
5 Le tour de Gaule d'Astérix (1965)
33%
41 Astérix en Lusitanie (2025)
22%
6 Astérix et Cléopâtre (1965)
22%
8 Astérix chez les Bretons (1966)
17%
24 Astérix chez les Belges (1979)
11%
16 Astérix chez les Helvètes (1970)
11%
35 Astérix chez les Pictes (2013)
11%
20 Astérix en Corse (1973)
11%
4 Astérix gladiateur(1964)
11%
10 Astérix légionnaire (1967)
11%
38 La fille de Vercingétorix (2019)
11%
37 Astérix et la transitalique (2017)
6%
39 Astérix et le griffon (2021)
6%
9 Astérix et les Normands (1967)
6%
11 Le bouclier arverne (1968)
6%
21 Le cadeau de César (1974)
6%
7 Le combat des chefs (1966)
6%
19 Le devin (1972)
6%
40 L'iris blanc (2023)
6%
12 Astérix aux jeux olympiques (1968)
0%
28 Astérix chez Rahàzade (1987)
0%
14 Astérix en Hispanie (1969)
0%
32 Astérix et la rentrée gauloise (2003)
0%
31 Astérix et latraviata (2001)
0%
13 Astérix et le chaudron (1969)
0%
30 La galère d'Obélix (1996)
0%
22 La grande traversée (1975)
0%
34 L'anniversaire... - Le livre d'or (2009)
0%
29 La rose et le glaive (1991)
0%
15 La zizanie (1970)
0%
33 Le ciel lui tombe sur la tête (2005)
0%
17 Le domaine des dieux (1971)
0%
27 Le fils d'Astérix (1983)
0%
25 Le grand fossé (1980)
0%
36 Le papyrus de César (2015)
0%
18 Les lauriers de César (1972)
0%
26 L'odyssée d'Astérix (1981)
0%
23 Obélix et compagnie (1976)
0%
Aucun quiz correspondant
Distribution des résultats
% des personnes avec chaque résultat
Percentile par nombre de réponses
Votre historique - résultats
Vous n’avez pas pris ce quiz depuis la dernière actualisation